[Event "Prague Golden op 13th"]
[Site "Prague"]
[Date "2017.07.08"]
[Round "8"]
[White "Bartosova, Hana"]
[Black "Drahorad, Daniel"]
[Result "0-1"]
[WhiteElo "1541"]
[BlackElo "1995"]
[PlyCount "50"]
[EventDate "2017.07.01"]
[EventType "swiss"]
[EventRounds "9"]
[EventCountry "CZE"]
[SourceTitle "CBM 179 Extra"]
[Source "ChessBase"]
[SourceDate "2017.08.23"]
[SourceVersion "1"]
[SourceVersionDate "2017.08.23"]
[SourceQuality "1"]

1. e4 d5 2. exd5 Qxd5 3. Nc3 Qa5 4. d4 Nf6 5. Bd2 c6 6. Bc4 Bf5 7. Nf3 e6 8. 0-0 Qc7 9. Ne5 Bd6 10. f4 0-0 11. Bd3 Bxd3 12. Nxd3 Nbd7 13. Qf3 a6 14. Rae1 c5 15. dxc5 Nxc5 16. Nxc5 Bxc5+ 17. Be3 Rfd8 18. Rd1 Bxe3+ 19. Qxe3 Ng4 20. Rxd8+ Rxd8 21. Qe2 Qb6+ 22. Kh1 Qxb2 23. Nd1 Qb5 24. Qxb5 axb5 25. h3 Rxd1 0-1

[Event "Prague Golden op 13th"]
[Site "Prague"]
[Date "2017.07.03"]
[Round "3"]
[White "Drahorad, Daniel"]
[Black "Bara, Josef Sr"]
[Result "1/2-1/2"]
[WhiteElo "1995"]
[BlackElo "1380"]
[PlyCount "58"]
[EventDate "2017.07.01"]
[EventType "swiss"]
[EventRounds "9"]
[EventCountry "CZE"]
[SourceTitle "CBM 179 Extra"]
[Source "ChessBase"]
[SourceDate "2017.08.23"]
[SourceVersion "1"]
[SourceVersionDate "2017.08.23"]
[SourceQuality "1"]

1. e4 e6 2. d4 d5 3. e5 c5 4. c3 Nc6 5. Nf3 Qb6 6. Bd3 Bd7 7. dxc5 Bxc5 8. 0-0 Qc7 9. b4 Bb6 10. Bf4 a6 11. Qe2 Nge7 12. Nbd2 Ng6 13. Bg3 Nce7 14. Rfc1 Nc6 15. a4 0-0 16. h4 Qb8 17. h5 Nge7 18. Nf1 Nf5 19. Bh2 Nh6 20. Qc2 Ng4 21. Bxh7+ Kh8 22. Bg3 Ngxe5 23. Ng5 f5 24. Bg6 Qd8 25. Bh4 Qc7 26. Re1 Nxb4 27. Qe2 Nbd3 28. Bg3 f4 29. Bh4 Nxe1 1/2-1/2

[Event "Klatovy op 22nd"]
[Site "Klatovy"]
[Date "2016.07.07"]
[Round "6"]
[White "Psaila, Clarence"]
[Black "Drahorad, Daniel"]
[Result "1/2-1/2"]
[WhiteElo "2080"]
[BlackElo "1970"]
[PlyCount "44"]
[EventDate "2016.07.02"]
[EventType "swiss"]
[EventRounds "9"]
[EventCountry "CZE"]
[SourceTitle "CBM 173 Extra"]
[Source "ChessBase"]
[SourceDate "2016.08.29"]
[SourceVersion "1"]
[SourceVersionDate "2016.08.29"]
[SourceQuality "1"]

1. d4 Nf6 2. Nf3 d5 3. c4 c6 4. Qc2 g6 5. Bf4 Bf5 6. Qb3 Qb6 7. c5 Qxb3 8. axb3 Nbd7 9. Nc3 Bg7 10. h3 0-0 11. e3 Rfe8 12. Ne5 Nxe5 13. Bxe5 Nd7 14. Bxg7 Kxg7 15. Kd2 e5 16. Bd3 Bxd3 17. Kxd3 e4+ 18. Kc2 f5 19. g3 a6 20. h4 Nf6 21. Kd2 Kh6 22. b4 Rac8 1/2-1/2

[Event "Prague Summer op 2nd"]
[Site "Prague"]
[Date "2015.08.10"]
[Round "5"]
[White "Drahorad, Daniel"]
[Black "Postupa, Pavel1111"]
[Result "0-1"]
[WhiteElo "1969"]
[BlackElo "2226"]
[PlyCount "90"]
[EventDate "2015.08.07"]
[EventType "swiss"]
[EventRounds "9"]
[EventCountry "CZE"]
[SourceTitle "CBM 167 Extra"]
[Source "ChessBase"]
[SourceDate "2015.09.14"]
[SourceVersion "1"]
[SourceVersionDate "2015.09.14"]
[SourceQuality "1"]

1. Nf3 Nf6 2. c4 g6 3. Nc3 d5 4. cxd5 Nxd5 5. Qa4+ Bd7 6. Qh4 Nb6 7. d4 h6 8. e4 Bg7 9. Be3 Nc6 10. Rd1 Nb4 11. Rd2 e6 12. Qxd8+ Rxd8 13. a3 Nc6 14. b4 0-0 15. Rd1 f5 16. e5 Ne7 17. Be2 Bc6 18. 0-0 Rd7 19. b5 Bd5 20. Nxd5 Nexd5 21. Bd2 Rfd8 22. Ra1 g5 23. Rfc1 Bf8 24. g3 Be7 25. a4 g4 26. Ne1 Bg5 27. Bxg5 hxg5 28. a5 Nc8 29. Nd3 b6 30. Ne1 Nce7 31. Nc2 Kf7 32. Ra3 c6 33. axb6 axb6 34. Ne3 cxb5 35. Bxb5 Rc7 36. Rca1 Nc3 37. Bc4 Ne4 38. Bd3 Rxd4 39. Nc2 Rxd3 40. Rxd3 Rxc2 41. Rd7 Nc3 42. Ra8 Ncd5 43. Rdd8 Ng6 44. Rd7+ Nde7 45. Raa7 Rc5 0-1

[Event "Teplice op 10th"]
[Site "Teplice"]
[Date "2015.06.20"]
[Round "8"]
[White "Drahorad, Daniel"]
[Black "Pribylova, Sofie"]
[Result "1-0"]
[WhiteElo "1977"]
[BlackElo "1767"]
[PlyCount "55"]
[EventDate "2015.06.13"]
[EventType "swiss"]
[EventRounds "9"]
[EventCountry "CZE"]
[SourceTitle "EXT 2017"]
[Source "ChessBase"]
[SourceDate "2016.10.25"]
[SourceVersion "1"]
[SourceVersionDate "2016.10.25"]
[SourceQuality "1"]

1. Nf3 Nf6 2. c4 g6 3. Nc3 d5 4. cxd5 Nxd5 5. Qa4+ c6 6. Qd4 f6 7. e4 Nxc3 8. Qxc3 e5 9. Nxe5 Qe7 10. Nf3 Qxe4+ 11. Kd1 Be7 12. Bc4 Kf8 13. d3 Qg4 14. Bh6+ Ke8 15. Re1 Kd8 16. Bg7 Qxg2 17. Qd4+ Nd7 18. Nh4 Qxh2 19. Bxh8 f5 20. Nf3 Qh5 21. Qe3 Bd6 22. Kc2 Kc7 23. Rh1 Qg4 24. Rh4 f4 25. Qe2 Qf5 26. Nd4 Qa5 27. Rxh7 Qa4+ 28. b3 1-0

[Event "Teplice op 10th"]
[Site "Teplice"]
[Date "2015.06.19"]
[Round "7"]
[White "Bin Suhayl, Ieysaa"]
[Black "Drahorad, Daniel"]
[Result "1/2-1/2"]
[WhiteElo "1894"]
[BlackElo "1977"]
[PlyCount "89"]
[EventDate "2015.06.13"]
[EventType "swiss"]
[EventRounds "9"]
[EventCountry "CZE"]
[SourceTitle "EXT 2017"]
[Source "ChessBase"]
[SourceDate "2016.10.25"]
[SourceVersion "1"]
[SourceVersionDate "2016.10.25"]
[SourceQuality "1"]

1. e4 d5 2. exd5 Qxd5 3. Nc3 Qa5 4. Nf3 Nf6 5. Bc4 Bf5 6. 0-0 e6 7. d4 c6 8. Bd2 Qc7 9. Bg5 Be7 10. Bh4 0-0 11. Bg3 Bd6 12. Nh4 Bg6 13. Nxg6 hxg6 14. Qe2 Nbd7 15. Ne4 Nxe4 16. Qxe4 Bxg3 17. fxg3 Nf6 18. Qh4 Qb6 19. b3 g5 20. Qxg5 Qxd4+ 21. Kh1 Ng4 22. Qf4 Qxf4 23. Rxf4 Ne5 24. Rd1 c5 25. Rf2 Rfd8 26. Rfd2 Rxd2 27. Rxd2 Kf8 28. Be2 Ke7 29. Kg1 Rd8 30. Rxd8 Kxd8 31. Kf2 Ke7 32. g4 g5 33. g3 f5 34. h4 Kf6 35. gxf5 exf5 36. hxg5+ Kxg5 37. Bf3 Nxf3 38. Kxf3 b5 39. a4 bxa4 40. bxa4 a5 41. c4 Kf6 42. Kf4 Ke6 43. Kf3 Ke5 44. Ke3 Ke6 45. Ke2 1/2-1/2

[Event "CZE-chT2C 1415"]
[Site "Czech Republic"]
[Date "2015.04.19"]
[Round "11.7"]
[White "Slovak, Kilian"]
[Black "Drahorad, Daniel"]
[Result "1/2-1/2"]
[WhiteElo "1661"]
[BlackElo "2058"]
[PlyCount "91"]
[EventDate "2014.11.02"]
[EventType "team-tourn"]
[EventRounds "11"]
[EventCountry "CZE"]
[SourceTitle "EXT 2022"]
[Source "ChessBase"]
[SourceDate "2021.10.06"]
[SourceVersion "1"]
[SourceVersionDate "2021.10.06"]
[SourceQuality "1"]
[WhiteTeam "Praha Kobylisy II"]
[BlackTeam "Vysehrad II"]
[WhiteTeamCountry "CZE"]
[BlackTeamCountry "CZE"]

1. e4 e6 2. d4 d5 3. Nc3 Bb4 4. e5 c5 5. a3 Bxc3+ 6. bxc3 Ne7 7. Qg4 0-0 8. Bd3 f5 9. Qf3 Nbc6 10. Be3 Qa5 11. Bd2 Qa4 12. dxc5 Nxe5 13. Qe2 N7g6 14. Nf3 Nxf3+ 15. Qxf3 Bd7 16. 0-0 Rac8 17. Be3 Bc6 18. Qh3 Nf4 19. Bxf4 Qxf4 20. Rae1 Bd7 21. Rb1 Qb8 22. Ba6 Bc6 23. Rb4 Qc7 24. Bd3 Rf6 25. Rh4 h6 26. c4 Rcf8 27. cxd5 Bxd5 28. Qe3 e5 29. Bc4 Bxc4 30. Rxc4 Rc6 31. Qb3 Kh8 32. Rb4 Rb8 33. Rb1 Rxc5 34. Rxb7 Rxb7 35. Qxb7 Rxc2 36. Qxc7 Rxc7 37. Kf1 Rc3 38. Rb5 Rxa3 39. Rxe5 g6 40. Re7 a5 41. Ke2 a4 42. Ra7 Ra1 43. Ke3 a3 44. g3 a2 45. Kf4 Kg8 46. h4 1/2-1/2

[Event "CZE-chT2C 1415"]
[Site "Czech Republic"]
[Date "2014.11.16"]
[Round "2.8"]
[White "Daniel, Martin"]
[Black "Drahorad, Daniel"]
[Result "1-0"]
[WhiteElo "2087"]
[BlackElo "2058"]
[PlyCount "73"]
[EventDate "2014.11.02"]
[EventType "team-tourn"]
[EventRounds "11"]
[EventCountry "CZE"]
[SourceTitle "EXT 2022"]
[Source "ChessBase"]
[SourceDate "2021.10.06"]
[SourceVersion "1"]
[SourceVersionDate "2021.10.06"]
[SourceQuality "1"]
[WhiteTeam "Praha Bohemians II"]
[BlackTeam "Vysehrad II"]
[WhiteTeamCountry "CZE"]
[BlackTeamCountry "CZE"]

1. d4 d5 2. c4 c6 3. Nc3 Nf6 4. Nf3 e6 5. Bg5 Be7 6. e3 Ne4 7. Bxe7 Qxe7 8. Qc2 Nxc3 9. Qxc3 0-0 10. Bd3 f5 11. 0-0 Nd7 12. b4 Nf6 13. a4 Bd7 14. c5 Ne4 15. Qb2 Rf6 16. Ne5 Raf8 17. f3 Ng5 18. f4 Ne4 19. b5 Be8 20. Rab1 Rh6 21. g3 g5 22. bxc6 bxc6 23. Qb7 Qf6 24. Bxe4 dxe4 25. Qxa7 gxf4 26. Rxf4 Qg5 27. Qb7 Qh5 28. Qb2 Qg5 29. a5 Qd8 30. a6 Bh5 31. a7 Qd5 32. Qb3 Qd8 33. Ra1 Qa8 34. Qb6 Rc8 35. Rb1 Be8 36. Qb7 Kf8 37. Rff1 1-0

[Event "Klatovy op"]
[Site "Klatovy"]
[Date "2014.07.02"]
[Round "5"]
[White "Vorisek, Jaroslav"]
[Black "Drahorad, Daniel"]
[Result "1/2-1/2"]
[WhiteElo "2226"]
[BlackElo "2042"]
[PlyCount "55"]
[EventDate "2014.06.28"]
[EventType "swiss"]
[EventRounds "9"]
[EventCountry "CZE"]
[SourceTitle "CBM 161 Extra"]
[Source "ChessBase"]
[SourceDate "2014.08.29"]
[SourceVersion "1"]
[SourceVersionDate "2014.08.29"]
[SourceQuality "1"]

1. e4 c5 2. Nf3 e6 3. b3 Nc6 4. Bb2 Nf6 5. e5 Nd5 6. c4 Nde7 7. Nc3 Nf5 8. Ne4 Be7 9. Bd3 Qc7 10. Qe2 b6 11. Nf6+ gxf6 12. exf6 Nfd4 13. Nxd4 Nxd4 14. Bxd4 cxd4 15. fxe7 Bb7 16. Be4 Kxe7 17. 0-0 Rag8 18. f4 Bxe4 19. Qxe4 Qc6 20. Rae1 f5 21. Qxc6 dxc6 22. c5 Rd8 23. Re5 Rd5 24. Rfe1 Rxe5 25. Rxe5 h5 26. Kf2 Rg8 27. Kf3 h4 28. Kf2 1/2-1/2

[Event "Teplice op 9th"]
[Site "Teplice"]
[Date "2014.06.14"]
[Round "1"]
[White "Rozentalis, Eduardas"]
[Black "Drahorad, Daniel"]
[Result "1-0"]
[WhiteElo "2618"]
[BlackElo "2042"]
[PlyCount "87"]
[EventDate "2014.06.14"]
[EventType "swiss"]
[EventRounds "9"]
[EventCountry "CZE"]
[SourceTitle "CBM 160 Extra"]
[Source "ChessBase"]
[SourceDate "2014.07.01"]
[SourceVersion "1"]
[SourceVersionDate "2014.07.01"]
[SourceQuality "1"]

1. e4 e6 2. d4 d5 3. Nd2 dxe4 4. Nxe4 Nd7 5. Nf3 Ngf6 6. Nxf6+ Nxf6 7. c3 Be7 8. Bd3 0-0 9. 0-0 b6 10. Ne5 Bb7 11. Bg5 Qd5 12. f3 Qd8 13. Qe1 Nh5 14. Be3 Rc8 15. Rd1 Qe8 16. Qe2 Nf6 17. Rfe1 Nd5 18. Bc1 Bd6 19. Qe4 f5 20. Qh4 Qa4 21. Nc4 Rce8 22. a3 b5 23. Nxd6 cxd6 24. Qf2 e5 25. dxe5 dxe5 26. Bc2 Qc4 27. Qxa7 Bc6 28. Bd3 Qb3 29. Qc5 Rc8 30. Qf2 e4 31. Bc2 Qa2 32. fxe4 fxe4 33. Qd4 e3 34. Qe4 g6 35. Qe6+ Kg7 36. Bxe3 Qxb2 37. Bd4+ Nf6 38. Qe7+ Kh6 39. Be3+ g5 40. Bxg5+ Kxg5 41. Qg7+ Kh4 42. Qg3+ Kh5 43. Re5+ Kh6 44. Qg5# 1-0

[Event "Kouty nad Desnou op-B"]
[Site "Kouty nad Desnou"]
[Date "2014.03.14"]
[Round "8"]
[White "Berezjuk, Rostislav"]
[Black "Drahorad, Daniel"]
[Result "1/2-1/2"]
[WhiteElo "1371"]
[BlackElo "2000"]
[PlyCount "39"]
[EventDate "2014.03.08"]
[EventType "swiss"]
[EventRounds "9"]
[EventCountry "CZE"]
[SourceTitle "EXT 2015"]
[Source "ChessBase"]
[SourceDate "2014.11.20"]
[SourceVersion "1"]
[SourceVersionDate "2014.11.20"]
[SourceQuality "1"]

1. d4 d5 2. Nc3 Nf6 3. Bg5 Nbd7 4. Nf3 c6 5. e3 h6 6. Bh4 Qa5 7. Bd3 e6 8. a3 Bd6 9. 0-0 Qc7 10. e4 dxe4 11. Nxe4 Nxe4 12. Bxe4 Nf6 13. Bd3 Bd7 14. c3 0-0-0 15. Bg3 Bxg3 16. hxg3 Ng4 17. b4 e5 18. Re1 Rhe8 19. Qc2 g6 20. c4 1/2-1/2

[Event "Czech Fed-ch opA"]
[Site "Hrdonov"]
[Date "2013.10.29"]
[Round "5"]
[White "Janousek, Petr"]
[Black "Drahorad, Daniel"]
[Result "1-0"]
[WhiteElo "2162"]
[BlackElo "2024"]
[PlyCount "43"]
[EventDate "2013.10.26"]
[EventType "swiss"]
[EventRounds "9"]
[EventCountry "CZE"]
[SourceTitle "EXT 2016"]
[Source "ChessBase"]
[SourceDate "2015.10.08"]
[SourceVersion "1"]
[SourceVersionDate "2015.10.08"]
[SourceQuality "1"]

1. e4 e6 2. d3 d5 3. Nd2 c5 4. Ngf3 Nc6 5. g3 Nf6 6. Bg2 Be7 7. 0-0 0-0 8. Re1 b5 9. e5 Nd7 10. Nf1 Nb6 11. h4 Bb7 12. N1h2 d4 13. Ng5 Rc8 14. Qh5 Bxg5 15. hxg5 Qe8 16. Qh4 Nd8 17. Ng4 Qd7 18. Be4 Bxe4 19. Rxe4 Kh8 20. Nf6 gxf6 21. Qh6 Rg8 22. Rh4 1-0

[Event "Klatovy op-A"]
[Site "Klatovy"]
[Date "2013.07.07"]
[Round "9"]
[White "Janska, Jitka"]
[Black "Drahorad, Daniel"]
[Result "1-0"]
[WhiteElo "1889"]
[BlackElo "2024"]
[PlyCount "51"]
[EventDate "2013.06.29"]
[EventType "swiss"]
[EventRounds "9"]
[EventCountry "CZE"]
[SourceTitle "EXT 2014"]
[Source "ChessBase"]
[SourceDate "2013.11.20"]
[SourceVersion "1"]
[SourceVersionDate "2013.11.20"]
[SourceQuality "1"]

1. e4 e6 2. d4 d5 3. exd5 exd5 4. c4 Nf6 5. Nc3 Be7 6. Nf3 0-0 7. h3 Re8 8. Be2 dxc4 9. 0-0 Be6 10. Ne5 c6 11. Bxc4 Bxc4 12. Nxc4 Nbd7 13. d5 cxd5 14. Nxd5 Nxd5 15. Qxd5 Qc7 16. b3 Rad8 17. Qf3 b5 18. Bf4 Qc5 19. Na5 Qf5 20. Nc6 g5 21. Nxd8 Bxd8 22. Bg3 Qxf3 23. gxf3 Ne5 24. Bxe5 Rxe5 25. Rfe1 Rf5 26. Re8+ 1-0